Olivia and her ducklings / (Record no. 6590)

MARC details
000 -LEADER
fixed length control field 01225nam a22003377a 4500
001 - CONTROL NUMBER
control field 6590
003 - CONTROL NUMBER IDENTIFIER
control field FISKH
005 - DATE AND TIME OF LATEST TRANSACTION
control field 20250513090500.0
008 - FIXED-LENGTH DATA ELEMENTS--GENERAL INFORMATION
fixed length control field 250513b cb ||||| |||| 00| 0 eng d
020 ## - INTERNATIONAL STANDARD BOOK NUMBER
International Standard Book Number 9781416990796
040 ## - CATALOGING SOURCE
Original cataloging agency DLC
Transcribing agency DLC
Modifying agency DLC
Language of cataloging eng
050 ## - LIBRARY OF CONGRESS CALL NUMBER
Classification number PZ7.H5977325 O
082 ## - DEWEY DECIMAL CLASSIFICATION NUMBER
Classification number 813.6
100 1# - MAIN ENTRY--PERSONAL NAME
Personal name Hiranandani, Veera.
245 10 - TITLE STATEMENT
Title Olivia and her ducklings /
Statement of responsibility, etc. Adapted by Veera Hiranandani ; Based on the screenplay written by Eryk Casemiro and Kate Boutiler ; illustrated by Shane L. Johnson.
250 ## - EDITION STATEMENT
Edition statement This edition first published in 2009
260 ## - PUBLICATION, DISTRIBUTION, ETC.
Place of publication, distribution, etc. New York :
Name of publisher, distributor, etc. Simon Spotlight,
Date of publication, distribution, etc. 2009.
300 ## - PHYSICAL DESCRIPTION
Extent 22 unnumbered pages :
Other physical details color illustrations ;
Dimensions 23 cm.
490 0# - SERIES STATEMENT
Series statement Ready-to-read. Level 1
505 ## - FORMATTED CONTENTS NOTE
Formatted contents note G<br/>
520 ## - SUMMARY, ETC.
Summary, etc. Olivia and Ian are playing in the park when they leave they notice that a mother duck and her ducklings are following them home.<br/>
521 ## - TARGET AUDIENCE NOTE
Target audience note 390<br/>
Source Lexile<br/>
521 ## - TARGET AUDIENCE NOTE
Target audience note G<br/>
Source Raz-Plus<br/>
650 ## - SUBJECT ADDED ENTRY--TOPICAL TERM
Source of heading or term Easy reader
Topical term or geographic name entry element Olivia
650 ## - SUBJECT ADDED ENTRY--TOPICAL TERM
Source of heading or term Guided readers
Topical term or geographic name entry element Age Range: 5-6
700 1# - ADDED ENTRY--PERSONAL NAME
Personal name Casemiro, Eryk.
Dates associated with a name illustrator
730 0# - ADDED ENTRY--UNIFORM TITLE
Uniform title Olivia (Television program)
906 ## - LOCAL DATA ELEMENT F, LDF (RLIN)
a 7
b cbc
c orignew
d 1
e ecip
f 20
g y-gencatlg
942 ## - ADDED ENTRY ELEMENTS (KOHA)
Source of classification or shelving scheme Dewey Decimal Classification
Koha item type Books
Suppress in OPAC No
Holdings
Withdrawn status Lost status Source of classification or shelving scheme Damaged status Not for loan Collection Home library Current library Shelving location Date acquired Total Checkouts Full call number Barcode Date last seen Copy number Price effective from Koha item type Date due Date last checked out
    Dewey Decimal Classification     Juvenile Fiction Footprints International School Library Network Toul Tom Poung Campus Footprints International School Library Network Toul Tom Poung Campus TTP Primary Dark Blue Bookshelves 05/13/2025   HIR 813.6 PZ7.H5977325 O 2025-1283 05/13/2025 1 05/13/2025 Books    
    Dewey Decimal Classification     Juvenile Fiction Footprints International School Library Network Toul Tom Poung Campus Footprints International School Library Network Toul Tom Poung Campus TTP Primary Dark Blue Bookshelves 10/24/2025 1 HIR 813.6 PZ7.H5977325 O FISTK01077 04/23/2026 2 10/24/2025 Books 05/07/2026 04/23/2026